000
00327nam a2200133Ia 4500
008
150201s2007 xx 000 0 und d
082
_a
610.07
_b
A07K
100
_a
KLATT,EDWARD C
245
_a
ROBBINS & COTTRON ATLAS OF PATHOLOGY
250
_a
1ST
260
_b
ELSEVIER
_a
DELHI
_c
2007
650
_a
PATHOLOGY
942
_2
ddc
_c
BK
999
_c
1172
_d
1172